The common sense of the exact sciences. By the late William Kingdon Clifford. With 100 figures

Сохранить в:
Библиографические подробности
Главный автор: Clifford, William Kingdon (Автор)
Формат:
Язык:английский
Опубликовано: Londres Kegan Paul, Trench, & Co., 1 Paternoster Square 1882
Редактирование:1a. ed
Серии:International Scientific Series, LI
Предметы:
Метки: Добавить метку
Нет меток, Требуется 1-ая метка записи!

MARC

LEADER 00000nam a2200000 a 4500
001 UCJ7008
003 CL-VaPUC
008 070124e18820000UK |||||||||||||||||eng|d
082 0 4 |a 503  |b CLI  |2 21 
100 0 |a Clifford, William Kingdon  |e author  |9 514832 
245 1 4 |a The common sense of the exact sciences. By the late William Kingdon Clifford. With 100 figures 
250 |a 1a. ed 
300 |a 271 p 
942 |c BK 
945 |d 20070124 00:00:00  |a rinostro 
260 |a Londres  |b Kegan Paul, Trench, & Co., 1 Paternoster Square  |c 1882 
650 0 |a Aritmética   |9 270049 
650 0 |a Geometría   |9 264063 
650 7 |a POTENCIAS  |2 CL-VaPUC  |9 369385 
650 0 |a Trigonometría   |9 259568 
650 0 |a Geometría analítica   |9 260062 
650 0 |a Mecánica   |9 260096 
583 |a last modification  |c 20070124 00:00:00  |k Rodrigo Vera 
490 0 |a International Scientific Series, LI 
999 |c 323110  |d 323108 
952 |0 0  |1 0  |4 0  |6 503_000000000000000_CLI_1882  |7 0  |8 X  |9 402426  |a FDOBUD  |b FDOBUD  |d 2019-11-22  |i 1020757  |o 503 CLI 1882  |p 1020757  |r 2019-11-22  |w 2019-11-22  |y BK_X  |k BUD